Biggest Cities in Iceland - Statistics

General Stats
  • This quiz has been taken 1,319 times
    1,216 since last reset
  • The average score is 4 of 10
Answer Stats
Population City % Correct
120,165 Reykjavík
100%
17,481 Akureyri
70%
30,401 Kópavogur
44%
26,031 Hafnarfjörður
37%
6,630 Akranes
31%
10,584 Garðabær
27%
8,517 Mosfellsbær
24%
14,099 Reykjanesbær
23%
7,928 Árborg
7%
4,736 Fjarðabyggð
2%
No matching quizzes found
Score Distribution
Percent of People with Each Score
Percentile by Number Answered
Your Score History
You have not taken this quiz since the last reset